History Quiz

Random History or War Quiz
Score 0/12 Timer 05:00
11 Plays Today
% Correct
World War I
97.8%
Vietnam War
97%
World War II
92.6%
Korean War
91.3%
Gulf War
87.1%
American Revolution
86.9%
Mexican-American War
86.4%
Civil War
85.3%
War of 1812
85.1%
Spanish-American War
63.7%
Great Sioux War
54%
Black Hawk War
15.9%
Remove Ads.
Support Sporcle.
Get the best of Sporcle when you Go Orange. This ad-free experience offers more features, more stats, and more fun while also helping to support Sporcle. Thank you for becoming a member.

You're not logged in!

Compare scores with friends on all Sporcle quizzes.
OR
Log In

Show Comments

Extras

Top Quizzes Today


Score Distribution

Your Account Isn't Verified!

In order to create a playlist on Sporcle, you need to verify the email address you used during registration. Go to your Sporcle Settings to finish the process.

Report this User

Report this user for behavior that violates our Community Guidelines.

Details: